000 00344nam a2200157Ia 4500
005 20250423101208.0
008 250422s9999 xx 000 0 und d
020 _a978-0-43590967-3
100 _aHead, Bessie
245 4 _aThe cardinals
260 _bHeinemann
260 _c1995
300 _a141 p
650 _aLiterature
942 _cBK
999 _c35578
_d35578